01877nam a22001697a 4500999001900000008004100019100005000060245010100110260004500211300003200256520107600288650017201364773004501536906001201581942000701593952010701600 c523621d523621230914b ||||| |||| 00| 0 eng d aPless, A., Tropmp, P. and Houtman, D. 943701 aReligious and secular value divides in western Europe: A cross-national comparison (1981–2008) aInternational Politic al Science Review  a44(2), Mar, 2023: p.178-194 aStudies on cultural divisions in Western European politics typically combine two different value divides. The first divide is moral traditionalism versus progressiveness, which pits the religious and the secular against each other on matters of procreation, family and gender roles. The second one is authoritarianism versus libertarianism, which captures the opposition between the high- and low-educated about basically secular attitudes towards matters of immigration and law and order. Since the first divide is religiously inspired and the second one is basically secular, this article systematically distinguishes between them and studies whether secularization in Western Europe affects them differently. We perform multilevel regression analysis using European Values Study data (four waves, 1981–2008) for 17 Western European countries. Our findings show that the divide between the religious and the secular about moral issues declines with secularization, while the divide between the high- and low-educated about secular issues becomes wider. –Reproduced  aCulture value divides, Secularization, Normal traditionalism progressiveness, Authoritarianism libertinism, Culture cleanse, Culture politics, Western Europe. 940576 aInternational Politic al Science Review  aCULTURE cAR 00102ddc40709398669aIIPAbIIPAd2023-09-14h44(2), Mar, 2023: p.178-194pAR129526r2023-09-14yAR